000 00904cam a2200265 a 4500
001 000002834
005 20200929150251.0
008 790927s1973 sp b 001 ebspa
040 _aDO-SdBNP
_cDLC
_dDLC
082 _aPR864.4
_bT651v
100 1 _aTollinchi, Esteban.
_98974
245 1 4 _aLas visiones de Thomas Mann /
_cEsteban Tollinchi.
260 _aBarcelona :
_bUniversitaria, Universidad de Puerto Rico,
_c1973.
300 _a239 p. ;
_c18 cm.
490 1 _aEstudios literarios
490 1 _aUprex
_vno. 16
504 _aIncluye lista de colecciones
504 _aIncluye índice
504 _aBibliografía : p. 237-239.
650 4 _aEnsayos puertoriqueños
_98975
650 4 _aLiteratura puertoriqueñas
_98976
600 1 4 _aMANN, THOMAS,
_d1875-1955
_xCRÍTICA E INTERPRETACIÓN
_98977
830 0 _aEstudios literarios,
_pUprex;
_vno. 16
_98978
910 _aCatalogación por copia / LC
999 _c2668
_d2668